00186nam a2200073 a 450000500170000000800410001705000180005824500360007620140414093834.0030611s19uu xx 00 eng d aCD 030bR #05 aWebster's concise encyclopedia.